000 00915nam a2200289 i 4500
003 DO-SdBNP
005 20250728095735.0
007 ta
008 250728b2006 dr a|||| |||| 00| 0 spa d
040 _aDO-SdBNP
_bspa
_cBNPHU
_erda
041 _aspa
082 4 _axxx
_bxxxx
_222
110 1 _aRepública Dominicana
_9447
240 1 0 _a[Leyes, etc.]
245 1 0 _aLey general de la juventud 49-00 :
_bacta final de la convención iberoamericana de derechos de los jovenes
250 _aTercera edición
264 1 _aSanto Domingo :
_bSEJ,
_c2006.
300 _a89 páginas :
_bilustraciones ;
_c14 cm.
336 _atexto
_btxt
_2rdacontent
337 _asin mediación
_bn
_2rdamedia
338 _avolumen
_bnc
_2rdacarrier
500 _aGobierno Dominicano 2004-2008
590 _aInventariado, 2025/BT
710 2 _aSecretaría de Estado de la Juventud
_965166
910 _aBtavárez
942 _2ddc
_cLBS1
999 _c59649
_d59649